Przewoźnicy towarowi według masy towarów - Statystyki

Ogólne statystyki
  • Ten quiz został rozwiązany 38 razy
  • Średni wynik to 6 z 26
Statystyki odpowiedzi
Udział Opowiedź % Poprawnych
34,45% PKP Cargo
100%
15,62% DB Cargo Polska
52%
5,42% Lotos Kolej
48%
2,70% Freightliner PL
40%
2,51% ORLEN KolTrans
40%
1,88% CD Cargo Poland
32%
2,28% CTL Logistics
32%
2,00% Pol-Miedź Trans
32%
1,58% Rail Polska
32%
0,93% Ecco Rail
28%
1,66% PCC Intermodal
24%
0,88% Alza Cargo
20%
0,95% Captrain Polska
20%
1,90% PKP Cargo Service
20%
3,73% PUK Kolprem
20%
0,59% JSW Logistics
16%
0,99% LTE Polska
12%
0,66% METRANS Rail
12%
4,38% PKP LHS
12%
0,53% Żwirownia Beton DOLATA Agnieszka Dolata
12%
1,08% CIECH Cargo
8%
0,60% Olavion
8%
0,73% FDM-REW Damian Żur
4%
1,28% Inter Cargo
4%
0,62% Rail STM
4%
1,58% T&C
4%
Nie znaleziono quizów pasujących do podanych kryteriów
Rozkład punktacji
Procent ludzi z każdym wynikiem
Percentyl według liczby udzielonych odpowiedzi
Twoja historia wyników
Nie rozwiązałeś tego quizu